书目信息 |
| 题名: |
白牙
|
|
| 作者: | 伦敦 , 伦敦 著 ;埃斯科特 , 富兰克兰德 , 张黎新 改写 | |
| 分册: | ||
| 出版信息: | 北京 外语教学与研究出版社 2010.06 |
|
| 页数: | 84页 | |
| 开本: | 21cm | |
| 丛书名: | 书虫·牛津英汉双语读物 | |
| 单 册: | ||
| 中图分类: | H319.4:I | |
| 科图分类: | ||
| 主题词: | 英语--汉语--对照读物 | |
| 电子资源: | ||
| ISBN: | 978-7-5600-9693-3 | |
| 000 | 01106nam0 2200313 450 | |
| 001 | 140312 | |
| 005 | 20110718103554.07 | |
| 010 | @a978-7-5600-9693-3@dCNY16.90 (含光盘) | |
| 016 | @aCN-A16-10-0084-0@b光盘 | |
| 100 | @a20110420d2010 em y0chiy50 ea | |
| 101 | 2 | @achi@aeng@ceng |
| 102 | @aCN@b110000 | |
| 105 | @ay z 000yy | |
| 106 | @ar | |
| 200 | 1 | @a白牙@Abai ya@dWhite fang@e美绘光盘版@f(美)伦敦(Jack London)著@F(mei)lun dun(Jack London)zhu@g(英)John Escott改写@g(英)David Frankland插图@g张黎新译@zeng |
| 210 | @a北京@c外语教学与研究出版社@d2010.06 | |
| 215 | @a84页@c图@d21cm@e光盘2片 | |
| 225 | 2 | @a书虫·牛津英汉双语读物@i4级 |
| 510 | 1 | @aWhite fang@zeng |
| 586 | @a | |
| 606 | 0 | @a英语@x汉语@j对照读物 |
| 690 | @aH319.4:I@v5 | |
| 701 | 0 | @c(美)@a伦敦@Alun dun@c(London, Jack@f1876-1916)@4著 |
| 701 | 0 | @a伦敦@Alun dun@bJackLondon@4著 |
| 702 | 0 | @c(英)@a埃斯科特@Aai si ke te@c(Escott, John)@4改写 |
| 702 | 0 | @c(英)@a富兰克兰德@Afu lan ke lan de@c(Frankland, David)@4插图 |
| 702 | 0 | @a张黎新@Azhang li xin@4译 |
| 801 | 0 | @aCN@c20110610 |
| 905 | @dH319.4:I@eL9263@f3 | |
| 白牙=White fang:美绘光盘版/(美)伦敦(Jack London)著/(英)John Escott改写/(英)David Frankland插图/张黎新译.-北京:外语教学与研究出版社,2010.06 |
| 84页:图;21cm+光盘2片.-(书虫·牛津英汉双语读物.4级) |
| ISBN 978-7-5600-9693-3:CNY16.90 (含光盘) |
| ● |
| 相关链接 |
|
|
|
正题名:白牙
索取号:H319.4:I/L9263
 
预约/预借
| 序号 | 登录号 | 条形码 | 馆藏地/架位号 | 状态 | 备注 |
| 1 | 884937 | 208849371 | 语言库209/209语言库 54排4列6层/ [索取号:H319.4:I/L9263] | 在馆 | |
| 2 | 884938 | 208849380 | 语言库209/209语言库 54排4列6层/ [索取号:H319.4:I/L9263] | 在馆 | |
| 3 | 884939 | 208849399 | 语言库209/209语言库 54排4列6层/ [索取号:H319.4:I/L9263] | 在馆 |